000 00503nam a2200121 a 4500
008 120416s2004 ||||||||||||||||| || u
050 _aUNESCWA(05)BVS/2004
245 1 0 _aBulletin on vital statistics in the ESCWA region
246 _aEconomic and Social Commission for Western Asia(ESCWA)
260 _aNew York
_bUNITED NATIONS
_c2004
350 _a0.00
995 _D0.00
_FCBU-MAIN LIBRARY (Kitwe)
_H1
_I0.00
_UAVAILABLE
_ZInternational Publications
999 _c36360
_d36360